书目信息 |
| 题名: |
数量遗传学
|
|
| 作者: | 王建康 著 | |
| 分册: | ||
| 出版信息: | 北京 科学出版社 2017.03 |
|
| 页数: | 379页 | |
| 开本: | 26cm | |
| 丛书名: | 研究生创新教育系列丛书 | |
| 单 册: | ||
| 中图分类: | Q348 | |
| 科图分类: | ||
| 主题词: | 数量遗传学--研究生--教材 | |
| 电子资源: | ||
| ISBN: | 978-7-03-051434-9 | |
| 000 | 01397oam2 2200253 450 | |
| 001 | 4391 | |
| 005 | 20181011112727.83 | |
| 010 | @a978-7-03-051434-9@dCNY128.00 | |
| 100 | @a20170427d2017 em y0chiy50 ea | |
| 101 | 0 | @achi |
| 102 | @aCN@b110000 | |
| 105 | @ay z 001yy | |
| 200 | 1 | @a数量遗传学@9shu liang yi chuan xue@dQuantitative genetics@f王建康著@zeng |
| 210 | @a北京@c科学出版社@d2017.03 | |
| 215 | @a379页@d26cm | |
| 225 | 1 | @a研究生创新教育系列丛书 |
| 330 | @a本书系统介绍群体遗传与数量遗传的基本理论及其在动植物育种中的应用。全书分群体遗传、数量遗传、育种应用和基因定位四部分。第1-5章为第一部分,是群体遗传学基本理论,主要介绍群体遗传结构与交配系统之间的关系、群体遗传结构的定向改变、有限大小的随机交配群体、有效群体大小、系谱分析及遗传多样性的分子理论等;第6-10章为第二部分,是数量遗传学基本理论,主要介绍数量性状的遗传学和统计学基础、双亲杂交后代的遗传分析、随机交配群体的遗传分析、基因型和环境互作、遗传交配设计及其分析方法等;第11-12章为第三部分,分别介绍数量遗传学理论在随机交配群体选择和纯系品种选育中的应用;最后一章为全书的第四部分,简要介绍数量性状基因定位的群体类型、简单区间和完备区间两种定位方法,以及一个集成遗传分析软件。 | |
| 461 | 0 | @12001 @a研究生创新教育系列丛书 |
| 510 | 1 | @aQuantitative genetics@zeng |
| 606 | 0 | @a数量遗传学@x研究生@j教材 |
| 690 | @aQ348@v5 | |
| 701 | 0 | @a王建康@9wang jian kang@4著 |
| 801 | 0 | @aCN@b91MARC@c20170427 |
| 905 | @aMuseLib@dQ348@e80 | |
| 数量遗传学=Quantitative genetics/王建康著.-北京:科学出版社,2017.03 |
| 379页;26cm.-(研究生创新教育系列丛书) |
| ISBN 978-7-03-051434-9:CNY128.00 |
| 本书系统介绍群体遗传与数量遗传的基本理论及其在动植物育种中的应用。全书分群体遗传、数量遗传、育种应用和基因定位四部分。第1-5章为第一部分,是群体遗传学基本理论,主要介绍群体遗传结构与交配系统之间的关系、群体遗传结构的定向改变、有限大小的随机交配群体、有效群体大小、系谱分析及遗传多样性的分子理论等;第6-10章为第二部分,是数量遗传学基本理论,主要介绍数量性状的遗传学和统计学基础、双亲杂交后代的遗传分析、随机交配群体的遗传分析、基因型和环境互作、遗传交配设计及其分析方法等;第11-12章为第三部分,分别介绍数量遗传学理论在随机交配群体选择和纯系品种选育中的应用;最后一章为全书的第四部分,简要介绍数量性状基因定位的群体类型、简单区间和完备区间两种定位方法,以及一个集成遗传分析软件。 |
| ● |
| 相关链接 |
|
|
|
|
正题名:数量遗传学
索取号:Q348/80
 
预约/预借
| 序号 | 登录号 | 条形码 | 馆藏地/架位号 | 状态 | 备注 |
| 1 | 1124918 | 211249184 | 第二样本阅览室/ [索取号:Q348/80] | 在馆 | |
| 2 | 1124919 | 211249193 | 第三借阅区/ [索取号:Q348/80] | 在馆 | |
| 3 | 1124920 | 211249200 | 密集书库-生命科学系/ [索取号:Q348/80] | 在馆 |